LEADER 00762nam a2200193 i 4500 001 000000213147 003 CaOOAMICUS 005 20250923120653.0 008 120514s1942 xx u000 u lat u 013 $a192002 040 $aSeMil$bita 100 1 $aLorenzo : da Brindisi,$c.$0(OLS)http://semarc/name/2552 245 10$a7: Adventus. 300 $aXIV, 582 p., 1 ritr. :$bill. 773 0 $aLorenzo : da Brindisi $tS. Laurentii a Brundusio Opera omnia.$dPatavii : ex Officina typographica seminarii, 1928-1944.$g7$w()3343 850 $aSeMil 852 $aSeMil$W1$xVenegono$y1$m2D V 36$j163577$B163577$CSeMilBibl$Z2$F174625 $81 996 $6245$a7: Adventus$9(OLS)http://semarc/title/307427 LEADER 01417nas a2200265 i 4500 001 000000000214 003 CaOOAMICUS 005 20220401134333.0 008 180830s19229999be zx u0 z|fre u 022 $a0775-3357 040 $aSeMil$bita 245 00$aSpicilegium Sacrum Lovaniense :$bétudes et documents$h[generale di collana] /$cUniversité catholique de Louvain. 264 1$aLouvain :$bSpicilegium Sacrum Lovaniense ;$aLeuven :$bPeeters,$c1922- 300 $av. ;$c26 cm. 362 0 $a1(1922)- 710 2 $aUniversité Catholique de Louvain .$0(OLS)http://semarc/name/57 762 0 $tSpicilegium Sacrum Lovaniense. Studia breviora.$dLouvain : Spicilegium Sacrum Lovaniense ; Leuven : Peeters, 1922-$x0775-3357$w()343146 830 0$aSpicilegium Sacrum Lovaniense.$0(OLS)http://semarc/title/359 850 $aSeMil 852 $aSeMil$W1$xVenegono$y1$mVedi "Titolo uniforme di collana" per le collocazioni dei singoli volumi$j222888$qSottoscrizione aperta$B237190$CSeMilBibl$Z2$F237190 $81 996 $6022$a0775-3357$9(OLS)http://semarc/number/291686 996 $6245$aSpicilegium Sacrum Lovaniense :$bétudes et documents$h[generale di collana]$9(OLS)http://semarc/title/435352 996 $6264$aLouvain :$bSpicilegium Sacrum Lovaniense$9(OLS)http://semarc/publisher/29756 996 $6264$aLeuven :$bPeeters$9(OLS)http://semarc/publisher/29755